The national anthem / (Record no. 1898)

MARC details
000 -LEADER
fixed length control field 01368cam a22003494a 4500
001 - CONTROL NUMBER
control field 1898
003 - CONTROL NUMBER IDENTIFIER
control field FISKH
005 - DATE AND TIME OF LATEST TRANSACTION
control field 20231009100215.0
008 - FIXED-LENGTH DATA ELEMENTS--GENERAL INFORMATION
fixed length control field 070131s2008 nyua jdb 001 0deng
010 ## - LIBRARY OF CONGRESS CONTROL NUMBER
LC control number 2007004486
020 ## - INTERNATIONAL STANDARD BOOK NUMBER
International Standard Book Number 9780531147832
040 ## - CATALOGING SOURCE
Original cataloging agency DLC
Transcribing agency DLC
Modifying agency DLC
Language of cataloging eng
043 ## - GEOGRAPHIC AREA CODE
Geographic area code n-us---
-- n-us-md
050 00 - LIBRARY OF CONGRESS CALL NUMBER
Classification number ML3561.S8
Item number L35 2008
082 00 - DEWEY DECIMAL CLASSIFICATION NUMBER
Classification number 782.42/15990973
Edition number 22
100 1# - MAIN ENTRY--PERSONAL NAME
Personal name Landau, Elaine.
245 14 - TITLE STATEMENT
Title The national anthem /
Statement of responsibility, etc. Elaine Landau.
260 ## - PUBLICATION, DISTRIBUTION, ETC.
Place of publication, distribution, etc. New York :
Name of publisher, distributor, etc. Scholastic,
Date of publication, distribution, etc. 2008.
300 ## - PHYSICAL DESCRIPTION
Extent 48 pages :
Other physical details color illustrations ;
Dimensions 22 cm.
490 0# - SERIES STATEMENT
Series statement A true book
505 0# - FORMATTED CONTENTS NOTE
Formatted contents note T<br/>
520 ## - SUMMARY, ETC.
Summary, etc. Explains what a national anthem is; recounts the events that led to Francis Scot Key writing "The Star-Spangled Banner," including the history of the specific flag to which he referred; and describes how his poem eventually became the national anthem.
521 8# - TARGET AUDIENCE NOTE
Target audience note 810<br/>
Source Lexile<br/>
521 8# - TARGET AUDIENCE NOTE
Target audience note T<br/>
Source Raz-Plus<br/>
600 10 - SUBJECT ADDED ENTRY--PERSONAL NAME
Personal name Key, Francis Scott,
Dates associated with a name 1779-1843
Form subdivision Juvenile literature.
630 00 - SUBJECT ADDED ENTRY--UNIFORM TITLE
Uniform title Star-spangled banner (Song)
Form subdivision Juvenile literature.
650 #0 - SUBJECT ADDED ENTRY--TOPICAL TERM
Topical term or geographic name entry element Baltimore, Battle of, Baltimore, Md., 1814
Form subdivision Juvenile literature.
856 41 - ELECTRONIC LOCATION AND ACCESS
Uniform Resource Identifier <a href=" "> </a>
906 ## - LOCAL DATA ELEMENT F, LDF (RLIN)
a 7
b cbc
c orignew
d 1
e ecip
f 20
g y-gencatlg
942 ## - ADDED ENTRY ELEMENTS (KOHA)
Source of classification or shelving scheme Dewey Decimal Classification
Koha item type Books
Suppress in OPAC No
Holdings
Withdrawn status Lost status Source of classification or shelving scheme Damaged status Not for loan Collection Home library Current library Shelving location Date acquired Total Checkouts Full call number Barcode Date last seen Price effective from Koha item type
    Dewey Decimal Classification     Non-Fiction Footprints International School Library Network Toul Kork Campus Footprints International School Library Network Toul Kork Campus A TK Campus, 4th Floor, Room B401, Non-Fiction Bookcases(7-8) 10/09/2023   LAN 782.42 ML3561.S8 FISTK01251 10/09/2023 10/09/2023 Books